000 01856nam a2200337 c 4500
003 BLK
005 20230127141308.0
008 180412b bul|||||r ||||||| ||bul||
010 _aKNG00011249000
040 _aBLK
041 _aBUL
_cBUL
080 _aФорми на предприятията в зависимост от отношението към собствеността...
_b334.72
_x.008(075.8)
_z334.72.008(075.8)
080 _aУправление на предприятията. Организация на производството, търговията, транспорта и съобщенията. Полиграфическа промишленост и издателско дело
_b005
_x.012(075.8)
_z005.012(075.8)
100 1 _aПанайотов, Димитър Петров
_eпърви автор
_9247490
139 _aПанайотов, Димитър Петров
_bП 17
245 1 0 _aСтратегическо планиране
_bУчебник за студентите от Стоп. акад. Д. А. Ценов - Свищов
_cДимитър Петров Панайотов.
257 _aBGR
260 Свищов
_bАкад. изд. Д. А. Ценов
_c1995
300 _a215 с.
_bсъс сх., табл., диагр.
_c23 см
380 _a3
500 _aИзд. на Стоп. акад. Д. А. Ценов - Свищов. - Библиогр. след отд. разд. - Доп. тир. 1997 г.
650 4 _aФирми - планиране и управление - учебници за ВУЗ
_9254851
650 4 _aУправление - фирми - учебници за ВУЗ
_9243008
653 _aпланиране
653 _aфирми
852 _aЦб 185925
856 4 _qpdf
_u
856 4 _qpdf
_u
942 _cKNG
_n0
_01
944 _aCR
_c15.01.2003
_kКети_Илиева
944 _aED
_c16.11.2012
_k
999 _c9812
_d9812